Państwa z którymi Polska miała konflikty - Statystyki

Ogólne statystyki
  • Ten quiz został rozwiązany 968 razy
    906 od ostatniego zresetowania
  • Średni wynik to 10 z 15
Statystyki odpowiedzi
Hint Odpowiedź % Poprawnych
1918-19 Niemcy
98%
998 Rosja
98%
998 Czechy
84%
1918 Ukraina
82%
1568 Szwecja
80%
1587 Austria
75%
1262 Litwa
75%
1051 Węgry
71%
1572 Turcja
70%
1941 Japonia
58%
1571 Dania
45%
1241 Mongolia
42%
2001 Afganistan
39%
1359 Mołdawia
31%
1994 Haiti
4%
Nie znaleziono quizów pasujących do podanych kryteriów
Rozkład punktacji
Procent ludzi z każdym wynikiem
Percentyl według liczby udzielonych odpowiedzi
Twoja historia wyników
Nie rozwiązałeś tego quizu od ostatniego zresetowania